| 000 | 00661nam a22001937a 4500 | ||
|---|---|---|---|
| 005 | 20251108174608.0 | ||
| 008 | 250721s2008 xx 000 0 ara d | ||
| 082 | 1 | 4 | _a337.156/خطي |
| 100 | 1 |
_aخطيب، شذا جمال _eمؤلف |
|
| 245 | 1 | 0 | _aالعولمة المالية و مستقبل الأسواق العربية لرأس المال / |
| 264 | 1 |
_aعمان : _bدار مجدلاوي للنشر والتوزيع، _c2008. |
|
| 300 | _a189 ص. | ||
| 650 | 1 | 7 | _aالاسواق الماليه |
| 650 | 1 | 7 | _aالعولمه |
| 650 | 1 | 7 | _aالاقتصاد الدولي |
| 700 | 1 | _aالركيبي، صعفق | |
| 942 |
_2ddc _cBK |
||
| 999 |
_c113156 _d113156 |
||